|
|
|
|
| LEADER |
00000nam0a2200000 4500 |
| 001 |
209220 |
| 005 |
20231031191659.0 |
| 010 |
|
|
|a 9785397020794
|
| 035 |
|
|
|a (RuTPU)RU\TPU\book\228543
|
| 090 |
|
|
|a 209220
|
| 100 |
|
|
|a 20120210d2012 m y0rusy50 ca
|
| 101 |
0 |
|
|a rus
|
| 102 |
|
|
|a RU
|
| 105 |
|
|
|a a j 001zy
|
| 200 |
1 |
|
|a Теория функций комплексной переменной. Методы решения задач
|f А. В. Кравцов, А. Р. Майков
|g под ред. А. Г. Свешникова
|
| 210 |
|
|
|a Москва
|c Либроком
|d 2012
|
| 215 |
|
|
|a 244 с.
|c ил.
|
| 333 |
|
|
|a Исключено из фонда НТБ ТПУ
|
| 700 |
|
1 |
|a Кравцов
|b А. В.
|g Андрей Владимирович
|
| 701 |
|
1 |
|a Майков
|b А. Р.
|g Андрей Ростиславович
|
| 702 |
|
1 |
|a Свешников
|b А. Г.
|4 340
|
| 801 |
|
1 |
|a RU
|b 63413507
|c 20120210
|
| 801 |
|
2 |
|a RU
|b 63413507
|c 20211014
|g RCR
|
| 942 |
|
|
|c BK
|
| 959 |
|
|
|a 22/20120210
|d 1
|e 233,53
|f ЧЗТЛ:1
|